00245nam a22000977a 4500082001700000100003100017245004800048260002900096300000900125650001300134 a629.25 ANS'W aANSDALE, R. F,LOCKEY, D. J aTHE WANKEL RC ENGINE DESIGN AND PERFORMANCE aLONDONbLIFE BOOKSc1968 a158P a ACC NO-